K-12-Album (Melanie Martinez) - Statistics

General Stats
  • This quiz has been taken 90 times
  • The average score is 12 of 13
Answer Stats
Hint Answer % Correct
1. Wheels on the Bus
97%
2. Class Fight
96%
11. Teacher's Pet
93%
8. Lunchbox Friends
91%
9. Orange Juice
91%
12. High School Sweethearts
90%
10. Detention
89%
13. Recess
89%
4. Show & Tell
86%
3. The Principal
86%
5. Nurse's Office
84%
6. Drama Club
81%
7. Strawberry Shortcake
80%
No matching quizzes found
Score Distribution
Percent of People with Each Score
Percentile by Number Answered
Your Score History
You have not taken this quiz